Statistics for Spiderman Movies Quiz

Click here to take the quiz!

General Stats

  • This quiz has been taken 194 times
  • The average score is 7 of 8

Answer Stats

YearMovie% Correct
2002Spider-Man
99%
2004Spider-Man 2
96%
2007Spider-Man 3
95%
2012The Amazing Spider-Man
94%
2014The Amazing Spider-Man 2
88%
2017Homecoming
77%
2019Far From Home
73%
2018Into the Spider-Verse
56%

Score Distribution

Percentile by Number Answered

Percent of People with Each Score

Your Score History

You have not taken this quiz